| 000 | 00803cam a2200205 i 4500 | ||
|---|---|---|---|
| 005 | 20260202115355.0 | ||
| 008 | 250721q9999 ua gr 000 0 ara d | ||
| 082 | 1 | 4 |
_a371.27 _bط ي ب |
| 100 | 1 |
_aطيب، أحمد محمد _eمؤلف. |
|
| 245 | 1 | 2 |
_aالتقويم والقياس النفسي والتربوي / _cتأليف الدكتور أحمد محمد الخطيب. |
| 250 | _aالطبعة الأولى. | ||
| 264 | 3 | 1 |
_aالإسكندرية : _bالمكتب الجامعي الحديث، _c[بين 1999و2002]. |
| 300 | _a296 صفحة. | ||
| 650 | 1 | 7 | _aقياس التحصيل. |
| 650 | 1 | 7 | _aالإختبارات و القياساتالتربوية. |
| 650 | 1 | 7 | _aالتقيم. |
| 650 | 1 | 7 | _aأساليب التقيم. |
| 942 |
_2ddc _cBK |
||
| 999 |
_c80094 _d80094 |
||